Rubber mattu sasyangalil ninnum. 18. Panama rubber: Pattayude ghadtanayum rubber labhyathayum (Record no. 49932)

MARC details
000 -LEADER
fixed length control field 00344nam a2200121Ia 4500
100 ## - MAIN ENTRY--AUTHOR NAME
Personal name Reghu C P
245 #0 - TITLE STATEMENT
Title Rubber mattu sasyangalil ninnum. 18. Panama rubber: Pattayude ghadtanayum rubber labhyathayum
260 ## - PUBLICATION, DISTRIBUTION, ETC. (IMPRINT)
Name of publisher Rubber
Year of publication 2014
300 ## - PHYSICAL DESCRIPTION
Number of Pages 19,21
650 ## - SUBJECT ADDED ENTRY--TOPICAL TERM
Topical Term Panama rubber
942 ## - ADDED ENTRY ELEMENTS (KOHA)
Koha item type Bibliography STAF
Holdings
Withdrawn status Lost status Damaged status Not for loan Home library Current library Shelving location Date acquired Serial Enumeration / chronology Koha item type
      Bibliography RRII Library RRII Library Germaplsm 30/09/2014 Volume 581, Issue Aug Bibliography STAF